Welcome to the Holygrace Academy Library

Please use search bar below to get started

SMART MEMORY (Record no. 5376)

MARC details
000 -LEADER
fixed length control field 00252nam a22001097a 4500
082 ## - DEWEY DECIMAL CLASSIFICATION NUMBER
Classification number 158
Item number POD/S
100 ## - MAIN ENTRY--AUTHOR NAME
Personal name PODDER,TANUSHREE
245 ## - TITLE STATEMENT
Title SMART MEMORY
260 ## - PUBLICATION, DISTRIBUTION, ETC. (IMPRINT)
Place of publication BANGALORE
Name of publisher PUSTAK MAHAL
650 ## - SUBJECT ADDED ENTRY--TOPICAL TERM
Topical Term PERSONALITY DEVELOPMENT
Geographic subdivision BANGALORE
942 ## - ADDED ENTRY ELEMENTS (KOHA)
Koha item type Books
Holdings
Withdrawn status Lost status Collection code Home library Current library Shelving location Date acquired Source of acquisition Full call number Accession Number Koha item type
    Reference Main Library Main Library SHELF-17H-PERSONALITY DEVELOPMENT BOOKS 24/05/2004 PURCHASE 158 POD/S 01163 Books